[Event "Kampala Zabasajja Memorial op"]
[Site "Kampala"]
[Date "2024.01.28"]
[Round "7"]
[White "Nyola, Wasswa Mark"]
[Black "Emojong, Elijah"]
[Result "0-1"]
[WhiteElo "1940"]
[BlackElo "2027"]
[PlyCount "94"]
[EventDate "2024.01.25"]
[EventType "swiss"]
[EventRounds "8"]
[EventCountry "UGA"]
[SourceTitle "EXT 2025"]
[Source "ChessBase"]
[SourceDate "2024.10.14"]
[SourceVersion "1"]
[SourceVersionDate "2024.10.14"]
[SourceQuality "1"]

1. d4 Nf6 2. c4 g6 3. Nc3 d5 4. cxd5 Nxd5 5. e4 Nxc3 6. bxc3 Bg7 7. Bc4 c5 8. Ne2 0-0 9. 0-0 Nc6 10. Be3 Bg4 11. f3 Na5 12. Bd3 cxd4 13. cxd4 Be6 14. d5 Bxa1 15. Qxa1 f6 16. Bh6 Re8 17. Qd4 Bd7 18. Rb1 e6 19. e5 f5 20. g4 fxg4 21. Bxg6 hxg6 22. fxg4 Qe7 23. Qd3 Qh7 24. Bg5 Rac8 25. Nc3 Rf8 26. Ne4 Rc4 27. dxe6 Rxe4 28. Qxe4 Bxe6 29. a4 Nb3 30. Qd3 Nc5 31. Qe3 b6 32. Rb4 Bd5 33. Bh6 Rf3 34. Rf4 Rxf4 35. Qxf4 Ne6 36. Qd2 Ba8 37. Qd6 Qb7 38. Qxe6+ Kh7 39. Kf1 Qf3+ 40. Ke1 Kxh6 41. Qe7 Qe3+ 42. Kf1 Qf3+ 43. Ke1 Qh1+ 44. Kd2 Qxh2+ 45. Kc1 Qf4+ 46. Kb2 Qd2+ 47. Ka3 Qc3+ 0-1

[Event "Kampala Zabasajja Memorial op"]
[Site "Kampala"]
[Date "2024.01.26"]
[Round "4"]
[White "Emojong, Elijah"]
[Black "Ajak, Mach Duany"]
[Result "0-1"]
[WhiteElo "2027"]
[BlackElo "2048"]
[PlyCount "76"]
[EventDate "2024.01.25"]
[EventType "swiss"]
[EventRounds "8"]
[EventCountry "UGA"]
[SourceTitle "EXT 2025"]
[Source "ChessBase"]
[SourceDate "2024.10.14"]
[SourceVersion "1"]
[SourceVersionDate "2024.10.14"]
[SourceQuality "1"]

1. d4 Nf6 2. Nf3 d5 3. c4 c6 4. Nc3 g6 5. e3 Bg7 6. Be2 0-0 7. 0-0 Ne4 8. Nxe4 dxe4 9. Ng5 e5 10. Nxe4 exd4 11. Qb3 Qe7 12. Bf3 f5 13. Ng3 dxe3 14. Qxe3 Qf7 15. Qd3 Be6 16. Be2 Nd7 17. Bf4 Ne5 18. Bxe5 Bxe5 19. Qc2 Rad8 20. Rad1 Qf6 21. b3 Bf7 22. Rxd8 Rxd8 23. Rd1 Re8 24. c5 Rd8 25. Rxd8+ Qxd8 26. Bc4 Qd4 27. Bf1 Qc3 28. Qd1 Qxc5 29. Qd7 b5 30. b4 Qb6 31. Be2 Qc7 32. Qd2 Qd6 33. Qc2 Bd4 34. Bf3 c5 35. bxc5 Qxc5 36. Qd2 Qc3 37. Qe2 Qb2 38. Bd5 Bxd5 0-1

[Event "UGA-chT 2324"]
[Site "Kampala"]
[Date "2023.11.12"]
[Round "12.2"]
[White "Emojong, Elijah"]
[Black "Kimala, Martin"]
[Result "1-0"]
[WhiteElo "2079"]
[BlackElo "1562"]
[PlyCount "75"]
[EventDate "2023.07.16"]
[EventType "team-swiss"]
[EventRounds "14"]
[EventCountry "UGA"]
[SourceTitle "EXT 2025"]
[Source "ChessBase"]
[SourceDate "2024.10.14"]
[SourceVersion "1"]
[SourceVersionDate "2024.10.14"]
[SourceQuality "1"]
[WhiteTeam "Jinja Knights CC"]
[BlackTeam "MUK Echelons CC"]
[WhiteTeamCountry "UGA"]
[BlackTeamCountry "UGA"]

1. e4 d6 2. d4 Nf6 3. Nc3 Nbd7 4. Nf3 e5 5. Bc4 Be7 6. a4 c6 7. 0-0 Qc7 8. Re1 h6 9. h3 g5 10. a5 Nf8 11. d5 Ng6 12. dxc6 bxc6 13. Qd3 Nf4 14. Bxf4 gxf4 15. Kh2 Be6 16. Bxe6 fxe6 17. Kh1 Kf7 18. Ra4 Rag8 19. Qa6 Nd7 20. Qc4 Nf6 21. Rd1 Rd8 22. Qe2 h5 23. Ng5+ Kg6 24. Nxe6 Qd7 25. Nxd8 Bxd8 26. Nb1 Nh7 27. Nd2 Be7 28. Nf3 Qc8 29. Rb4 Rg8 30. a6 Rg7 31. Rb7 Bf8 32. Nh4+ Kf6 33. Rxg7 Kxg7 34. Qxh5 Qxa6 35. Nf5+ Kh8 36. Nxd6 f3 37. Qxf3 Bxd6 38. Rxd6 1-0

[Event "UGA-chT 2324"]
[Site "Kampala"]
[Date "2023.09.24"]
[Round "8.1"]
[White "Emojong, Elijah"]
[Black "Basangwa, Johnson Michael"]
[Result "1/2-1/2"]
[WhiteElo "2079"]
[BlackElo "1770"]
[PlyCount "38"]
[EventDate "2023.07.16"]
[EventType "team-swiss"]
[EventRounds "14"]
[EventCountry "UGA"]
[SourceTitle "EXT 2025"]
[Source "ChessBase"]
[SourceDate "2024.10.14"]
[SourceVersion "1"]
[SourceVersionDate "2024.10.14"]
[SourceQuality "1"]
[WhiteTeam "Jinja Knights CC"]
[BlackTeam "Lighthouse Team Atoma"]
[WhiteTeamCountry "UGA"]
[BlackTeamCountry "UGA"]

1. e4 c5 2. Nf3 d6 3. c3 Nf6 4. Bd3 g6 5. 0-0 Bg7 6. Bc2 0-0 7. a3 c4 8. b3 b5 9. a4 Bb7 10. axb5 cxb3 11. Bxb3 Nxe4 12. d4 Nd7 13. Ra2 Qb6 14. c4 a6 15. bxa6 Rxa6 16. Rxa6 Bxa6 17. Re1 Qb7 18. Nbd2 Ndf6 19. Qc2 Nxd2 1/2-1/2

[Event "UGA-chT 2324"]
[Site "Kampala"]
[Date "2023.08.13"]
[Round "3.2"]
[White "Emojong, Elijah"]
[Black "Muhebwa, Shafic"]
[Result "1-0"]
[WhiteElo "2079"]
[BlackElo "1508"]
[PlyCount "39"]
[EventDate "2023.07.16"]
[EventType "team-swiss"]
[EventRounds "14"]
[EventCountry "UGA"]
[SourceTitle "EXT 2025"]
[Source "ChessBase"]
[SourceDate "2024.10.14"]
[SourceVersion "1"]
[SourceVersionDate "2024.10.14"]
[SourceQuality "1"]
[WhiteTeam "Jinja Knights CC"]
[BlackTeam "SOM Nateete"]
[WhiteTeamCountry "UGA"]
[BlackTeamCountry "UGA"]

1. e4 e6 2. d4 d5 3. Nc3 Bb4 4. a3 Bxc3+ 5. bxc3 dxe4 6. Qg4 Qf6 7. Qxe4 Ne7 8. Bf4 c6 9. Bd3 Nd7 10. Nf3 h6 11. 0-0 Ng6 12. Bd6 Ndf8 13. c4 Nh7 14. Rfe1 Ng5 15. Nxg5 hxg5 16. d5 Bd7 17. Rad1 0-0-0 18. Qe3 exd5 19. Qxa7 Qd4 20. Qb8# 1-0

[Event "Nairobi op"]
[Site "Nairobi"]
[Date "2023.04.06"]
[Round "2"]
[White "Boera, Felix"]
[Black "Emojong, Elijah"]
[Result "1-0"]
[WhiteElo "1731"]
[BlackElo "2109"]
[PlyCount "68"]
[EventDate "2023.04.06"]
[EventType "swiss"]
[EventRounds "9"]
[EventCountry "KEN"]
[SourceTitle "EXT 2024"]
[Source "ChessBase"]
[SourceDate "2023.10.10"]
[SourceVersion "1"]
[SourceVersionDate "2023.10.10"]
[SourceQuality "1"]

1. d4 Nf6 2. c4 e5 3. dxe5 Ng4 4. Nf3 Nc6 5. Bd2 Ngxe5 6. Nxe5 Nxe5 7. e3 Be7 8. Bc3 Bf6 9. Be2 d6 10. Qc2 Be6 11. 0-0 0-0 12. Nd2 Re8 13. Rad1 Nd7 14. Bf3 Qc8 15. Rfe1 a5 16. Ne4 Bxc3 17. Qxc3 Bf5 18. Ng3 Nc5 19. Rd5 Bg6 20. h4 h6 21. b3 Ne4 22. Bxe4 Bxe4 23. Rxa5 b6 24. Rxa8 Qxa8 25. Nh5 Re5 26. Nf4 Qxa2 27. f3 Qc2 28. Rc1 Qxc3 29. Rxc3 Bc6 30. e4 Ra5 31. b4 Ra4 32. b5 Bd7 33. Nd5 Ra7 34. Kf2 g5 1-0

[Event "UGA-chT"]
[Site "Kampala"]
[Date "2022.08.28"]
[Round "5"]
[White "Emojong, Elijah"]
[Black "Ssonko, Mathias Allan"]
[Result "0-1"]
[WhiteElo "2191"]
[BlackElo "2141"]
[PlyCount "60"]
[EventDate "2022.07.10"]
[EventType "team-swiss"]
[EventRounds "14"]
[EventCountry "UGA"]
[SourceTitle "EXT 2024"]
[Source "ChessBase"]
[SourceDate "2023.10.10"]
[SourceVersion "1"]
[SourceVersionDate "2023.10.10"]
[SourceQuality "1"]
[WhiteTeam "Kireka Panthers"]
[BlackTeam "Kireka CC"]
[WhiteTeamCountry "UGA"]
[BlackTeamCountry "UGA"]

1. e4 e5 2. Nf3 Nc6 3. d4 exd4 4. Nxd4 Bc5 5. Nb3 Bb6 6. Nc3 Qf6 7. Qe2 Nge7 8. Be3 0-0 9. Bxb6 axb6 10. 0-0-0 d6 11. g3 Be6 12. f4 Bxb3 13. cxb3 Nd4 14. Qf2 c5 15. g4 Ng6 16. f5 Ne5 17. Kb1 Nxg4 18. Qg3 h5 19. h3 Qe5 20. Qh4 Nf6 21. Bd3 b5 22. Nxb5 Nxb5 23. Bxb5 Nxe4 24. Rhe1 d5 25. Qxh5 c4 26. bxc4 dxc4 27. Bxc4 Nd2+ 28. Ka1 Qa5 29. Qg4 Qxa2+ 30. Bxa2 Rxa2+ 0-1

[Event "Kigali Genocide Memorial op"]
[Site "Kigali"]
[Date "2022.06.12"]
[Round "6"]
[White "Mukose, Emmanuel"]
[Black "Emojong, Elijah"]
[Result "0-1"]
[WhiteElo "1786"]
[BlackElo "2188"]
[PlyCount "38"]
[EventDate "2022.06.10"]
[EventType "swiss"]
[EventRounds "6"]
[EventCountry "RWA"]
[SourceTitle "EXT 2023"]
[Source "ChessBase"]
[SourceDate "2022.10.05"]
[SourceVersion "1"]
[SourceVersionDate "2022.10.05"]
[SourceQuality "1"]

1. e4 c5 2. Nf3 d6 3. d4 cxd4 4. Nxd4 Nf6 5. Nc3 a6 6. Bg5 e6 7. f4 Qb6 8. Bxf6 gxf6 9. Bc4 Qxb2 10. Nd5 exd5 11. Bxd5 Qc3+ 12. Kf1 Nc6 13. Qh5 Qxa1+ 14. Ke2 Qxd4 15. Qxf7+ Kd8 16. Rd1 Bg4+ 17. Ke1 Qe3+ 18. Kf1 Be2+ 19. Ke1 Bd3# 0-1

[Event "Kampala Rwabushenyi Memorial"]
[Site "Kampala"]
[Date "2021.12.05"]
[Round "7"]
[White "Etoru, Amos"]
[Black "Emojong, Elijah"]
[Result "1/2-1/2"]
[WhiteElo "1900"]
[BlackElo "2261"]
[PlyCount "69"]
[EventDate "2021.12.02"]
[EventType "swiss"]
[EventRounds "8"]
[EventCountry "UGA"]
[SourceTitle "EXT 2023"]
[Source "ChessBase"]
[SourceDate "2022.10.05"]
[SourceVersion "1"]
[SourceVersionDate "2022.10.05"]
[SourceQuality "1"]

1. d4 d5 2. Nf3 c6 3. g3 Nf6 4. Bg2 g6 5. 0-0 Bg7 6. c4 dxc4 7. Ne5 Be6 8. Na3 Bd5 9. Naxc4 Bxg2 10. Kxg2 Qd5+ 11. f3 Nbd7 12. e4 Qe6 13. Qc2 0-0 14. Be3 Ne8 15. d5 cxd5 16. exd5 Qxd5 17. Rad1 Qxd1 18. Rxd1 Nxe5 19. Nxe5 Bxe5 20. Bd4 Bxd4 21. Rxd4 Nd6 22. h4 Rac8 23. Qb3 Rc5 24. g4 Rfc8 25. Rd2 h5 26. Re2 R8c7 27. Kh3 b5 28. Rg2 Kg7 29. Qd3 a5 30. Qd4+ Kh7 31. Re2 Rc4 32. Qd3 R4c5 33. Qd4 Rc4 34. Qd3 R4c5 35. Qd4 1/2-1/2

[Event "Kampala Rwabushenyi Memorial"]
[Site "Kampala"]
[Date "2021.12.04"]
[Round "6"]
[White "Emojong, Elijah"]
[Black "Nsubuga, Haruna"]
[Result "1/2-1/2"]
[WhiteElo "2261"]
[BlackElo "2099"]
[PlyCount "77"]
[EventDate "2021.12.02"]
[EventType "swiss"]
[EventRounds "8"]
[EventCountry "UGA"]
[SourceTitle "EXT 2023"]
[Source "ChessBase"]
[SourceDate "2022.10.05"]
[SourceVersion "1"]
[SourceVersionDate "2022.10.05"]
[SourceQuality "1"]

1. e4 c5 2. Nf3 Nc6 3. d4 cxd4 4. Nxd4 e5 5. Nb5 a6 6. Nd6+ Bxd6 7. Qxd6 Qe7 8. Qd2 Nf6 9. Nc3 d6 10. Be2 Be6 11. 0-0 0-0 12. f4 exf4 13. Qxf4 Ne5 14. Qg3 Kh8 15. Bg5 Qd8 16. Kh1 Rc8 17. Rad1 Rg8 18. Qh4 Ng6 19. Qe1 Qa5 20. Bxf6 gxf6 21. Qf2 Qe5 22. Qxf6+ Qxf6 23. Rxf6 Rgd8 24. Kg1 Kg7 25. Rf3 b5 26. a3 a5 27. Rd4 Bg4 28. Rf2 Bxe2 29. Rxe2 Nf4 30. Red2 Ne6 31. Rd5 b4 32. axb4 axb4 33. Nb5 b3 34. cxb3 Rc1+ 35. Kf2 Nc5 36. Nxd6 Rxd6 37. Rxd6 Nxe4+ 38. Ke2 Nxd2 39. Rxd2 1/2-1/2

[Event "Kampala Rwabushenyi Memorial"]
[Site "Kampala"]
[Date "2021.12.03"]
[Round "3"]
[White "Katumba, Joshua"]
[Black "Emojong, Elijah"]
[Result "0-1"]
[WhiteElo "1767"]
[BlackElo "2261"]
[PlyCount "110"]
[EventDate "2021.12.02"]
[EventType "swiss"]
[EventRounds "8"]
[EventCountry "UGA"]
[SourceTitle "EXT 2023"]
[Source "ChessBase"]
[SourceDate "2022.10.05"]
[SourceVersion "1"]
[SourceVersionDate "2022.10.05"]
[SourceQuality "1"]

1. e4 e5 2. Nf3 Nc6 3. Bb5 a6 4. Ba4 Nf6 5. d3 Bc5 6. c3 b5 7. Bb3 d6 8. 0-0 Bb6 9. Re1 0-0 10. Nbd2 Ne7 11. Nf1 Ng6 12. Ng3 c6 13. d4 Bg4 14. Be3 Nh5 15. h3 Nxg3 16. fxg3 Be6 17. Bc2 Rb8 18. Kh2 f6 19. Qe2 c5 20. d5 Bd7 21. Rf1 c4 22. Rf2 Qc7 23. a3 a5 24. Nh4 Ne7 25. g4 Qa7 26. Bxb6 Qxb6 27. Nf5 Nxf5 28. gxf5 b4 29. axb4 axb4 30. Rf3 b3 31. Bd1 Bb5 32. Rg3 Ra8 33. Qg4 Qc7 34. Rb1 Ra2 35. Qh4 Qa7 36. Bh5 Kh8 37. Bg6 h6 38. Qg4 Ra8 39. Bh5 Qc7 40. Qd1 R8a4 41. Qc1 Qa7 42. Rg6 Kh7 43. Rg4 Ra1 44. Rxa1 Rxa1 45. Qd2 Qg1+ 46. Kg3 Qe1+ 47. Qxe1 Rxe1 48. Bg6+ Kh8 49. Kh2 Rb1 50. Rg3 Rxb2 51. Rf3 Ra2 52. Rf1 b2 53. Rb1 Ba4 54. Bh5 Bc2 55. Rxb2 Rxb2 0-1

[Event "Kampala Kireka op 3rd"]
[Site "Kampala"]
[Date "2018.12.29"]
[Round "6"]
[White "Kikonyogo, John"]
[Black "Emojong, Elijah"]
[Result "0-1"]
[WhiteElo "1851"]
[BlackElo "2280"]
[PlyCount "66"]
[EventDate "2018.12.27"]
[EventType "swiss"]
[EventRounds "8"]
[EventCountry "UGA"]
[SourceTitle "CBM 188 Extra"]
[Source "ChessBase"]
[SourceDate "2019.02.28"]
[SourceVersion "1"]
[SourceVersionDate "2019.02.28"]
[SourceQuality "1"]

1. d4 Nf6 2. c3 g6 3. Bg5 Bg7 4. e3 c5 5. f4 Qb6 6. Qc1 0-0 7. Nd2 Nd5 8. Ndf3 Qe6 9. Kf2 Nf6 10. Bxf6 Qxf6 11. Bd3 d6 12. Ne2 Nd7 13. Rf1 e5 14. fxe5 dxe5 15. Kg1 Qe7 16. dxe5 Nxe5 17. Nxe5 Qxe5 18. e4 c4 19. Bc2 Qc5+ 20. Kh1 Bg4 21. Ng3 Rad8 22. Qf4 Be6 23. Rad1 Qa5 24. Bb1 Qb6 25. Qc1 Be5 26. Ne2 Rxd1 27. Rxd1 Qf2 28. Ng1 Bg4 29. Rd5 Bf4 30. Qc2 Qf1 31. h3 Be3 32. Kh2 Qxg1+ 33. Kg3 Qf1 0-1

[Event "Kampala Kireka op 3rd"]
[Site "Kampala"]
[Date "2018.12.28"]
[Round "3"]
[White "Emojong, Elijah"]
[Black "Mukasa, Patrick"]
[Result "1-0"]
[WhiteElo "2280"]
[BlackElo "1692"]
[PlyCount "67"]
[EventDate "2018.12.27"]
[EventType "swiss"]
[EventRounds "8"]
[EventCountry "UGA"]
[SourceTitle "CBM 188 Extra"]
[Source "ChessBase"]
[SourceDate "2019.02.28"]
[SourceVersion "1"]
[SourceVersionDate "2019.02.28"]
[SourceQuality "1"]

1. d4 d5 2. c4 Nc6 3. cxd5 Qxd5 4. Nf3 Nf6 5. Nc3 Qd8 6. d5 Nb8 7. e4 c6 8. Be2 e6 9. d6 e5 10. Nxe5 Qxd6 11. Nd3 Qc7 12. Bf4 Qd8 13. Qb3 Be7 14. Rd1 0-0 15. Ne5 Qe8 16. 0-0 Nbd7 17. Nc4 Nc5 18. Qc2 Be6 19. Nd6 Qd8 20. Nf5 Qe8 21. Nxe7+ Qxe7 22. Bd6 Qe8 23. Bxc5 b6 24. Bd6 Qc8 25. f4 Rd8 26. f5 Bd7 27. Be7 Re8 28. Bxf6 gxf6 29. Qd2 Rd8 30. Qh6 Re8 31. Rf4 Rxe4 32. Nxe4 Bxf5 33. Rg4+ Bg6 34. Nxf6+ 1-0

[Event "Kampala Kireka op 3rd"]
[Site "Kampala"]
[Date "2018.12.28"]
[Round "4"]
[White "Nyeko, Brian Eamon"]
[Black "Emojong, Elijah"]
[Result "0-1"]
[WhiteElo "1681"]
[BlackElo "2280"]
[PlyCount "72"]
[EventDate "2018.12.27"]
[EventType "swiss"]
[EventRounds "8"]
[EventCountry "UGA"]
[SourceTitle "CBM 188 Extra"]
[Source "ChessBase"]
[SourceDate "2019.02.28"]
[SourceVersion "1"]
[SourceVersionDate "2019.02.28"]
[SourceQuality "1"]

1. c4 Nf6 2. Nc3 g6 3. g3 Bg7 4. Bg2 0-0 5. e3 c5 6. Nge2 Nc6 7. 0-0 e5 8. d3 d6 9. b3 Be6 10. Nd5 e4 11. Bb2 Nxd5 12. Bxg7 Nxe3 13. fxe3 Kxg7 14. Bxe4 d5 15. cxd5 Bxd5 16. Nc3 Bxe4 17. Nxe4 Qe7 18. Qf3 Ne5 19. Qe2 Rad8 20. Nxc5 b6 21. d4 Nc6 22. Na4 Nxd4 23. Qf2 Nf5 24. Rae1 Rd3 25. e4 Nd4 26. Re3 Rxe3 27. Qxe3 Qe5 28. Rf2 Rc8 29. Qf4 Qe6 30. Nb2 f5 31. Nd3 Qxe4 32. Qxe4 fxe4 33. Ne1 e3 34. Rb2 Rc1 35. Kf1 Kf6 36. h3 Ke5 0-1

[Event "UGA-chT"]
[Site "Kampala"]
[Date "2018.07.05"]
[Round "7.2"]
[White "Mangeni, Andrew"]
[Black "Emojong, Elijah"]
[Result "0-1"]
[WhiteElo "1833"]
[BlackElo "2267"]
[PlyCount "62"]
[EventDate "2018.05.24"]
[EventType "team-swiss"]
[EventRounds "14"]
[EventCountry "UGA"]
[SourceTitle "CBM 187 Extra"]
[Source "ChessBase"]
[SourceDate "2018.11.04"]
[SourceVersion "1"]
[SourceVersionDate "2018.11.04"]
[SourceQuality "1"]
[WhiteTeam "Mulago Rooks"]
[BlackTeam "Mulago Kings"]
[WhiteTeamCountry "UGA"]
[BlackTeamCountry "UGA"]

1. d4 d6 2. c4 Nf6 3. Nc3 g6 4. e4 Bg7 5. h3 0-0 6. Nf3 Nbd7 7. Bd3 e5 8. dxe5 dxe5 9. Be3 c6 10. 0-0 Nh5 11. Qc1 Qe7 12. Be2 Nc5 13. Nh2 Nf4 14. Bxf4 exf4 15. f3 Bd4+ 16. Kh1 Qf6 17. Rb1 h5 18. Qc2 a5 19. Rbd1 Be3 20. a3 Be6 21. b4 Nd7 22. Rd6 axb4 23. axb4 Bd4 24. Nb1 Qe5 25. c5 Ra2 26. Qd3 Be3 27. Re1 Qf6 28. Qc3 Qh4 29. Nf1 Bf2 30. Rdd1 Bxh3 31. Nh2 Bg3 0-1

[Event "UGA-chT"]
[Site "Kampala"]
[Date "2018.06.22"]
[Round "5.2"]
[White "Okiring, Fred"]
[Black "Emojong, Elijah"]
[Result "0-1"]
[WhiteElo "2021"]
[BlackElo "2267"]
[PlyCount "94"]
[EventDate "2018.05.24"]
[EventType "team-swiss"]
[EventRounds "14"]
[EventCountry "UGA"]
[SourceTitle "CBM 187 Extra"]
[Source "ChessBase"]
[SourceDate "2018.11.04"]
[SourceVersion "1"]
[SourceVersionDate "2018.11.04"]
[SourceQuality "1"]
[WhiteTeam "Kireka Panthers"]
[BlackTeam "Mulago Kings"]
[WhiteTeamCountry "UGA"]
[BlackTeamCountry "UGA"]

1. e4 c5 2. Nf3 d6 3. d4 cxd4 4. Nxd4 Nf6 5. Nc3 a6 6. Bg5 e6 7. f4 Nbd7 8. Qf3 Be7 9. 0-0-0 Qc7 10. g4 b5 11. Bxf6 Nxf6 12. g5 Nd7 13. a3 Rb8 14. h4 b4 15. axb4 Rxb4 16. Bh3 Nc5 17. f5 Qb6 18. fxe6 fxe6 19. Rhf1 Rxd4 20. Qf7+ Kd8 21. Qxg7 Rxd1+ 22. Rxd1 Rf8 23. e5 d5 24. Qxh7 Nb3+ 25. Kb1 Nd4 26. Qd3 Rf3 27. Qxd4 Qxd4 28. Rxd4 Rxh3 29. Rg4 Ke8 30. Ne2 Bf8 31. Nf4 Rh1+ 32. Ka2 Bg7 33. Nd3 Bd7 34. c4 dxc4 35. Rxc4 Bb5 36. Rc8+ Kf7 37. Rc7+ Kg8 38. Rc8+ Kh7 39. Nf4 Rxh4 40. g6+ Kh6 41. Nxe6 Bc4+ 42. b3 Bxe6 43. Rc6 Rh2+ 44. Kb1 Bf5+ 45. Kc1 Bxe5 46. Rxa6 Bf4+ 47. Kd1 Bg4+ 0-1

[Event "Kampala Kawuma op"]
[Site "Kampala"]
[Date "2018.03.11"]
[Round "8"]
[White "Emojong, Elijah"]
[Black "Ssonko, Mathias Allan"]
[Result "0-1"]
[WhiteElo "2296"]
[BlackElo "2119"]
[PlyCount "70"]
[EventDate "2018.03.08"]
[EventType "swiss"]
[EventRounds "8"]
[EventCountry "UGA"]
[SourceTitle "EXT 2019"]
[Source "ChessBase"]
[SourceDate "2018.10.10"]
[SourceVersion "1"]
[SourceVersionDate "2018.10.10"]
[SourceQuality "1"]

1. e4 e5 2. Nf3 Nf6 3. Nxe5 d6 4. Nf3 Nxe4 5. d4 d5 6. Bd3 Bd6 7. 0-0 0-0 8. Nfd2 Bf5 9. Nc3 c6 10. h3 Qh4 11. Qf3 Nxd2 12. Qxf5 g6 13. g3 Bxg3 14. Qg4 Nxf1 15. fxg3 Qxg4 16. hxg4 Nxg3 17. Kg2 Ne4 18. Nxe4 dxe4 19. Bxe4 Nd7 20. g5 f6 21. Bd3 Kg7 22. Bd2 fxg5 23. Bxg5 h6 24. Bd2 Nf6 25. c4 Rae8 26. Rh1 g5 27. Bc3 Re3 28. Rd1 Ne4 29. d5+ Nxc3 30. bxc3 Rd8 31. Kf2 Re5 32. Bf1 cxd5 33. cxd5 Rexd5 34. Rxd5 Rxd5 35. Ke3 Kf6 0-1

[Event "Kireka op"]
[Site "Kireka"]
[Date "2017.12.29"]
[Round "3"]
[White "Katairo, Thomas"]
[Black "Emojong, Elijah"]
[Result "0-1"]
[WhiteElo "2003"]
[BlackElo "2310"]
[PlyCount "54"]
[EventDate "2017.12.28"]
[EventType "swiss"]
[EventRounds "8"]
[EventCountry "UGA"]
[SourceTitle "EXT 2019"]
[Source "ChessBase"]
[SourceDate "2018.10.10"]
[SourceVersion "1"]
[SourceVersionDate "2018.10.10"]
[SourceQuality "1"]

1. e4 e5 2. Nf3 Nc6 3. d4 exd4 4. Bc4 Nf6 5. e5 Ne4 6. Bd5 Nc5 7. Bxc6 dxc6 8. Qxd4 Bf5 9. Bg5 Qc8 10. Na3 Ne6 11. Qc3 Be4 12. Bh4 Nf4 13. Kf1 Bxa3 14. Qxa3 Ng6 15. Bg3 Qe6 16. Rc1 Bxf3 17. gxf3 Qh3+ 18. Ke2 h5 19. e6 Qxe6+ 20. Kf1 Qh3+ 21. Kg1 0-0-0 22. Qxa7 Rd6 23. Qa8+ Kd7 24. Qxb7 Nh4 25. Bxh4 Qxh4 26. Kg2 Rg6+ 27. Kf1 Qc4+ 0-1

[Event "UGA-ch op"]
[Site "Kampala"]
[Date "2017.11.11"]
[Round "6"]
[White "Emojong, Elijah"]
[Black "Frobisha, Katula Paul"]
[Result "1-0"]
[WhiteElo "2333"]
[BlackElo "1990"]
[PlyCount "61"]
[EventDate "2017.11.09"]
[EventType "swiss"]
[EventRounds "8"]
[EventCountry "UGA"]
[SourceTitle "EXT 2019"]
[Source "ChessBase"]
[SourceDate "2018.10.10"]
[SourceVersion "1"]
[SourceVersionDate "2018.10.10"]
[SourceQuality "1"]

1. e4 c6 2. d4 d5 3. Nd2 dxe4 4. Nxe4 Nd7 5. Ng5 Ngf6 6. Bc4 e6 7. Qe2 Nb6 8. Bb3 h6 9. N5f3 Be7 10. Ne5 0-0 11. Ngf3 a5 12. c3 a4 13. Bc2 Re8 14. a3 Nbd7 15. 0-0 Nf8 16. c4 N6d7 17. Be3 Nxe5 18. Nxe5 Bf6 19. Rad1 Bxe5 20. dxe5 Qa5 21. c5 Rd8 22. Rd6 Bd7 23. Rfd1 b6 24. cxb6 Qxe5 25. b7 Rab8 26. Qa6 Qxb2 27. Bb6 Re8 28. Bxa4 Qxa3 29. Bc7 Rxb7 30. Qxb7 Qxa4 31. R6d4 1-0

[Event "KEN-chT"]
[Site "Nairobi"]
[Date "2017.08.05"]
[Round "17.1"]
[White "Boniface, Kathurima Kiunga"]
[Black "Emojong, Elijah"]
[Result "0-1"]
[WhiteElo "2038"]
[BlackElo "2351"]
[PlyCount "54"]
[EventDate "2017.02.12"]
[EventType "team-tourn"]
[EventRounds "19"]
[EventCountry "KEN"]
[SourceTitle "EXT 2019"]
[Source "ChessBase"]
[SourceDate "2018.10.10"]
[SourceVersion "1"]
[SourceVersionDate "2018.10.10"]
[SourceQuality "1"]
[WhiteTeam "Agr Kenyatta Univ"]
[BlackTeam "Equity Bank"]
[WhiteTeamCountry "KEN"]
[BlackTeamCountry "KEN"]

1. e4 c5 2. c3 e6 3. d4 d5 4. exd5 exd5 5. Nf3 Nc6 6. Be3 c4 7. b3 cxb3 8. axb3 Bd6 9. Bd3 Nge7 10. Qc2 Bg4 11. Nbd2 Rc8 12. Qb1 h6 13. 0-0 0-0 14. Re1 f5 15. Ne5 Nxe5 16. dxe5 Bxe5 17. Bb6 Qd6 18. Rxe5 Qxe5 19. Bd4 Qf4 20. Qe1 Nc6 21. Qe6+ Kh8 22. Bxg7+ Kxg7 23. Ra4 d4 24. Qd7+ Rf7 25. Qxc8 Qxd2 26. Bf1 Be2 27. g3 Qe1 0-1

[Event "KEN-chT"]
[Site "Nairobi"]
[Date "2017.08.05"]
[Round "14.1"]
[White "Emojong, Elijah"]
[Black "Maigua, Joseph Ngooro"]
[Result "1-0"]
[WhiteElo "2351"]
[BlackElo "1804"]
[PlyCount "89"]
[EventDate "2017.02.12"]
[EventType "team-tourn"]
[EventRounds "19"]
[EventCountry "KEN"]
[SourceTitle "EXT 2019"]
[Source "ChessBase"]
[SourceDate "2018.10.10"]
[SourceVersion "1"]
[SourceVersionDate "2018.10.10"]
[SourceQuality "1"]
[WhiteTeam "Equity Bank"]
[BlackTeam "Checkmates"]
[WhiteTeamCountry "KEN"]
[BlackTeamCountry "KEN"]

1. d4 Nf6 2. Bg5 Ne4 3. Bf4 c5 4. f3 Qa5+ 5. c3 Nf6 6. d5 d6 7. e4 g6 8. Qd2 h6 9. Na3 a6 10. Nc4 Qd8 11. a4 b6 12. Bd3 Nbd7 13. Ne2 Bb7 14. b4 Nh5 15. Be3 Bg7 16. Rb1 Rb8 17. 0-0 b5 18. axb5 axb5 19. Na5 c4 20. Bc2 Qc8 21. Nd4 Ra8 22. Nxb5 g5 23. Nd4 Bxd4 24. Qxd4 Nhf6 25. Nxc4 Ba6 26. b5 Bb7 27. Ra1 0-0 28. Na5 Ne5 29. c4 Ng6 30. Nc6 Nh5 31. c5 Bxc6 32. dxc6 Rxa1 33. Rxa1 dxc5 34. Qxc5 Nhf4 35. b6 Nxg2 36. Kxg2 Nh4+ 37. Kg3 Qe6 38. Qd5 Qf6 39. e5 Nf5+ 40. Bxf5 Qxf5 41. b7 h5 42. Qe4 h4+ 43. Kf2 Qh3 44. Kg1 g4 45. Qxg4+ 1-0

[Event "African Club-chT"]
[Site "Gizeh"]
[Date "2017.07.29"]
[Round "5.2"]
[White "Ezat, Mohamed Mahmoud"]
[Black "Emojong, Elijah"]
[Result "1-0"]
[WhiteElo "2466"]
[BlackElo "2358"]
[PlyCount "63"]
[EventDate "2017.07.24"]
[EventType "team-tourn"]
[EventRounds "7"]
[EventCountry "EGY"]
[SourceTitle "EXT 2020"]
[Source "ChessBase"]
[SourceDate "2019.10.17"]
[SourceVersion "1"]
[SourceVersionDate "2019.10.17"]
[SourceQuality "1"]
[WhiteTeam "Eastern Company"]
[BlackTeam "Equity Bank"]
[WhiteTeamCountry "EGY"]
[BlackTeamCountry "KEN"]

1. d4 d5 2. Nf3 Nf6 3. e3 Bg4 4. h3 Bh5 5. c4 c6 6. Nc3 e6 7. g4 Bg6 8. Ne5 Nbd7 9. h4 dxc4 10. Nxc4 h5 11. g5 Nd5 12. Bg2 Bb4 13. Bd2 Be7 14. e4 N5b6 15. Ne3 e5 16. d5 Nc5 17. Qe2 Qd6 18. 0-0 f6 19. b4 Ncd7 20. dxc6 bxc6 21. Nf5 Bxf5 22. exf5 Rc8 23. Ne4 Qd4 24. Rac1 Qb2 25. Qa6 0-0 26. Bc3 Qxc1 27. Rxc1 fxg5 28. hxg5 c5 29. Bd2 Rcd8 30. Qe2 cxb4 31. Qxh5 Rfe8 32. f6 1-0